Missing Word: Harry Potter Chapters Book 4 Quiz Stats

 Plays Quiz Updated May 15, 2019

Score 0/30 Timer 04:00
4 Plays Today
Chapter Title Missing Word % Correct
Mad-Eye ____Moody
91.8%
The ____ of FireGoblet
91.4%
The ____ World CupQuidditch
90.8%
Aboard the Hogwarts ____Express
90%
The Triwizard ____Tournament
89.3%
The ____ EatersDeath
88.2%
The Yule ____Ball
86.5%
The ____ MarkDark
84%
The ____ TaskSecond
80.9%
Weasleys' ____ WheezesWizard
80.7%
The Hungarian ____Horntail
78.3%
The First ____Task
78.3%
The ____ TaskThird
77.4%
The Four ____Champions
76.2%
The ____ CursesUnforgivable
75.6%
Chapter Title Missing Word % Correct
Beauxbatons and ____Durmstrang
73.4%
The Weighing of the ____Wands
71.8%
The Riddle ____House
70.1%
Bagman and ____Crouch
63.3%
The Parting of the ____Ways
63.2%
Back to the ____Burrow
61.6%
The House-Elf ____ FrontLiberation
61.2%
____ IncantatemPriori
60.4%
Padfoot ____Returns
52.4%
____, Blood and BoneFlesh
52.2%
____ at the MinistryMayhem
46.1%
Rita Skeeter's ____Scoop
34.4%
The ____ of Mr CrouchMadness
33.5%
The ____ TaskUnexpected
32.2%
The ____ and the EyeEgg
28.5%

Today's Daily Dose

Word Ladder
NCT Songs

Get the Picture
Mathematicians

You're not logged in!

Compare scores with friends on all Sporcle quizzes.
OR
Log In

Show Comments

Extras

Top Quizzes Today


Score Distribution

Your Account Isn't Verified!

In order to create a playlist on Sporcle, you need to verify the email address you used during registration. Go to your Sporcle Settings to finish the process.

Report this User

Report this user for behavior that violates our Community Guidelines.

Details: